000
00229nam a22000977a 4500
008
161206b xxu||||| |||| 00| 0 eng d
082
_a
823
_b
NOS2505
100
_9
1832
_a
Nosov. N
245
_a
Up in the clouds
260
_a
Mosco
_b
Radusa
999
_c
4574
_d
4574